| 000 | 00578nam a22001457a 4500 | ||
|---|---|---|---|
| 999 |
_c5043 _d235547 |
||
| 020 | _a9789870333661 | ||
| 080 | _a340.12 B 274 | ||
| 100 | _aBarreyro, Maria Emilia | ||
| 245 |
_aLa legitimación democrático- deliberativa del Derecho: _binvestigación de sus fundamentos ácratas |
||
| 260 |
_aCiudad Autónoma de Buenos Aires _bLa Ley _c2017 |
||
| 300 |
_a288 P. _c24 X 17 Cm. |
||
| 650 |
_xderecho _xdemocracia _xdemocracia deliberativa _xHobbes _xRousseau _xKant _xfilosofia del derecho _xestado de derecho _xanarquia _xanarquismo _xHabermas |
||
| 942 | _6_ | ||
| 945 |
_acd _d2019-08-21 |
||